ՀՀ Գիտությունների ազգային ակադեմիայի հիմնարար գիտական գրադարան  =   Fundamental Scientific Library of NAS RA
Normal view MARC view

Entry Personal Name

Number of records used in: 9

001 - CONTROL NUMBER

  • control field: 3566

003 - CONTROL NUMBER IDENTIFIER

  • control field: AM-YEHGA

005 - DATE AND TIME OF LATEST TRANSACTION

  • control field: 20250617070445.0

008 - FIXED-LENGTH DATA ELEMENTS

  • fixed length control field: 080516 a|ac|n|aab||||||||||||a |n|||||||

040 ## - CATALOGING SOURCE

  • Original cataloging agency: AM-YEHGA

100 1# - HEADING--PERSONAL NAME

  • Personal name: Ժամկոչյան, Բենիամին Կարապետի,
  • Dates associated with a name: 1895-1984

400 1# - SEE FROM TRACING--PERSONAL NAME

  • Personal name: Ժամկոչյան, Բենիամին,
  • Dates associated with a name: 1895-1984

400 1# - SEE FROM TRACING--PERSONAL NAME

  • Personal name: Ժամկոչյան, Բ.Կ.
  • Fuller form of name: (Բենիամին Կարապետի),
  • Dates associated with a name: 1895-1984

400 1# - SEE FROM TRACING--PERSONAL NAME

  • Personal name: Ժամկոչեան, Բենիամին Կարապետի,
  • Dates associated with a name: 1895-1984

400 1# - SEE FROM TRACING--PERSONAL NAME

  • Personal name: Ժամկոչեան, Բենիամին,
  • Dates associated with a name: 1895-1984

400 1# - SEE FROM TRACING--PERSONAL NAME

  • Personal name: Ժամկոչեան, Բ.Կ.
  • Fuller form of name: (Բենիամին Կարապետի),
  • Dates associated with a name: 1895-1984

400 1# - SEE FROM TRACING--PERSONAL NAME

  • Personal name: Жамкочян, Бениамин Карапетович,
  • Dates associated with a name: 1895-1984

400 1# - SEE FROM TRACING--PERSONAL NAME

  • Personal name: Zhamkochyan, Beniamin Karapeti,
  • Dates associated with a name: 1895-1984

500 1# - SEE ALSO FROM TRACING--PERSONAL NAME

  • Personal name: Ժիրայր, Բ.
  • Numeration: 1895-1984

663 ## - COMPLEX SEE ALSO REFERENCE--NAME

  • Explanatory text: Այս հեղինակը հրատարակվել նաև «Բ. Ժիրայր» ծածկանունով

670 ## - SOURCE DATA FOUND

  • Source citation: Հովակիմյան Բ.Մ. Հայոց ծածկանունների բառարան, 2005 :
  • Information found: էջ 612 (Ժամկոչեան Բենիամին Կարապետի : [Ծածկ.՝ Բ. Ժիրայր])

670 ## - SOURCE DATA FOUND

  • Source citation: Ով ով է։ Հայեր։ Կենսագրական հանրագիտարան, 2005 :
  • Information found: հ. 1 (Ժամկոչեան Բենիամին Կարապետի (8.7.1895, գ. Հայնի (Դիարբեքիրի նահ.) - 13.1.1984, Բեյրութ), մանկավարժ, հաս. գործիչ։ Լոս Անջելեսի Գոլդըն Գեյթ համալս-ի գրակ-յան դ-ր (1949)); b|ն.տ. (Բեյրութի Սահակյան վարժ-ի հիմն.-տնօրեն (1927-73)); b|ն.տ. (Մեսրոս Մաշտոցի անվ. մրց. (1985))

670 ## - SOURCE DATA FOUND

  • Source citation: Պատմութիւն Մամիւրէթ Իւլ Ազիզի գերման որբանոցներու, 1973 :
  • Information found: տիտղթ. (Բ.Կ. Ժամկոչեան)

670 ## - SOURCE DATA FOUND

  • Source citation: Մանուկը բնութեան մէջ եւ գիւղին թիթեռնիկը : [Պիես] :
  • Information found: տիտղթ. (Բ. Ժիրայր)


ՀՀ ԳԱԱ հիմնարար գիտական գրադարան
ՀՀ,Երևան 0019
Մարշալ Բաղրամյան 24/6
հեռախոս:(374-10) 52-47-50
Հետադարձ կապ

All site content, except where otherwise noted, is licensed under a
Creative Commons License